[Event "International Tournament "]
[Site "Pool "]
[Date "2021.07.09"]
[Round "1.59"]
[White "Nogerbek, Kazybek"]
[Black "Tisma, Ivan"]
[Result "1-0"]
[WhiteElo "2328"]
[BlackElo "2055"]
[PlyCount "45"]
[EventDate "2021.07.09"]

1. d4 Nf6 2. Nf3 g6 3. c4 Bg7 4. g3 c6 5. Bg2 d5 6. cxd5 cxd5 7. Ne5 O-O 8. Nc3
e6 9. O-O Bd7 10. Bg5 h6 11. Bxf6 Bxf6 12. e4 Nc6 13. f4 dxe4 14. Nxe4 Be7 15.
Qd2 Kg7 16. Rad1 Nxe5 17. fxe5 Bc6 18. Nf6 Rc8 19. Rf4 Bxg2 20. Qxg2 Qc7 21.
Rdf1 Bb4 22. Qh3 Bd2 23. Qxh6+ 1-0

[Event "International Tournament "]
[Site "Pool "]
[Date "2021.07.09"]
[Round "1.60"]
[White "Zlatkov, Anton"]
[Black "Stankovic, Milos M"]
[Result "0-1"]
[WhiteElo "2053"]
[BlackElo "2327"]
[PlyCount "74"]
[EventDate "2021.07.09"]

1. e4 Nf6 2. e5 Nd5 3. d4 d6 4. c4 Nb6 5. f4 dxe5 6. fxe5 Bf5 7. Nc3 Nc6 8. Be3
e6 9. Nf3 Be7 10. Be2 O-O 11. O-O f6 12. Qe1 Nb4 13. Qf2 Nd3 14. Qg3 Nxb2 15.
Nh4 N2xc4 16. Nxf5 exf5 17. Bh6 Qxd4+ 18. Kh1 g6 19. Bxf8 Rxf8 20. Rf4 Qc5 21.
Rxf5 Ne3 22. Rf3 Qxc3 23. Rd1 Bc5 24. exf6 Rxf6 25. Rd8+ Rf8 26. Rdxf8+ Bxf8
27. Qf4 Qe1+ 28. Bf1 Nf5 29. g4 Bd6 30. Qg5 Nh4 31. Qd8+ Kg7 32. Qf6+ Kh6 33.
g5+ Kh5 34. Rf2 Nd5 35. Qf7 Ne3 36. Kg1 Nxf1 37. Rxf1 Bc5+ 0-1

[Event "International Tournament "]
[Site "Pool "]
[Date "2021.07.09"]
[Round "1.61"]
[White "Yordanov, Lachezar"]
[Black "Vujcic, Milena"]
[Result "1-0"]
[WhiteElo "2325"]
[BlackElo "2049"]
[PlyCount "67"]
[EventDate "2021.07.09"]

1. d4 Nf6 2. c4 g6 3. Nc3 Bg7 4. e4 d6 5. Be2 O-O 6. Be3 c5 7. d5 Nbd7 8. Nf3
a6 9. a4 Rb8 10. O-O Ng4 11. Bg5 h6 12. Bh4 g5 13. Bg3 Nge5 14. Nxe5 Nxe5 15.
f4 gxf4 16. Bxf4 Kh7 17. Qd2 Qa5 18. Qc2 Bd7 19. Kh1 Qd8 20. Bd2 Qe8 21. Rae1
b5 22. cxb5 c4 23. bxa6 Qc8 24. a7 Rb7 25. Be3 Nd3 26. Bxd3 cxd3 27. Qxd3 Rxb2
28. Nb5 Qa6 29. e5+ Kg8 30. e6 Qxa4 31. exd7 Rxb5 32. Rxf7 Kxf7 33. Rf1+ Kg8
34. Rxf8+ 1-0

[Event "International Tournament "]
[Site "Pool "]
[Date "2021.07.09"]
[Round "1.62"]
[White "Orujov, Farid"]
[Black "Ohanyan, Emin"]
[Result "0-1"]
[WhiteElo "2039"]
[BlackElo "2324"]
[Annotator "Balkanchess"]
[PlyCount "58"]
[EventDate "2021.07.09"]

1. e4 e5 2. Nf3 Nc6 3. Bc4 Nf6 4. d3 Bc5 5. c3 d6 6. O-O h6 7. Nbd2 a6 8. h3
Ba7 9. a4 g5 10. Nh2 g4 11. hxg4 Rg8 12. g5 hxg5 13. Re1 g4 14. g3 Qe7 15. Ndf1
Be6 16. Bxe6 fxe6 17. Be3 Qh7 18. Bxa7 Nxa7 19. Qb3 Kd7 20. Qd1 Rg5 21. b4 Rh8
22. Ra2 Nh5 23. f3 gxf3 24. Qxf3 Rhg8 25. Kg2 Nc6 26. Rae2 R8g7 27. Rf2 Ne7 28.
Kh1 Nxg3+ 29. Nxg3 Rxg3 {...50} 0-1

[Event "International Tournament "]
[Site "Pool "]
[Date "2021.07.09"]
[Round "1.63"]
[White "Vetokhin, Savva"]
[Black "Farkas, Sandor I"]
[Result "0-1"]
[WhiteElo "2324"]
[BlackElo "2038"]
[PlyCount "112"]
[EventDate "2021.07.09"]

1. Nf3 Nf6 2. g3 g6 3. Bg2 Bg7 4. O-O O-O 5. d4 d6 6. Re1 c5 7. dxc5 dxc5 8. c3
Nc6 9. Na3 Qc7 10. e4 Bg4 11. Qc2 Bxf3 12. Bxf3 Nd7 13. Bg2 Rab8 14. Bf4 e5 15.
Be3 b5 16. Bh3 c4 17. Rad1 Rfd8 18. Rd5 a6 19. Bxd7 Rxd7 20. Red1 Rbd8 21. b3
cxb3 22. Qxb3 Ne7 23. Rxd7 Rxd7 24. Rxd7 Qxd7 25. c4 bxc4 26. Nxc4 Qb5 27. Qxb5
axb5 28. Na3 b4 29. Nc2 Nc6 30. Bd2 Bf8 31. Kf1 f5 32. f3 Kf7 33. Ke2 Ke6 34.
Kd3 h5 35. h3 Be7 36. g4 hxg4 37. hxg4 f4 38. Ne1 Nd4 39. Kc4 Bh4 40. Ng2 Nxf3
41. Bxb4 Bf2 42. a4 Ng5 43. Kd3 Ba7 44. Be1 Nf3 45. a5 Nh2 46. a6 g5 47. Bd2
Nxg4 48. Kc2 Nf6 49. Kd3 Nd7 50. Bb4 Nb8 51. Ke2 Nxa6 52. Bd2 Nc5 53. Kf3 Nd3
54. Ke2 Nf2 55. Bc1 Nxe4 56. Kf3 Kf5 0-1

[Event "International Tournament "]
[Site "Pool "]
[Date "2021.07.09"]
[Round "1.64"]
[White "Perez Bolanos, David"]
[Black "Sylvan, Jacob"]
[Result "0-1"]
[WhiteElo "2038"]
[BlackElo "2322"]
[PlyCount "100"]
[EventDate "2021.07.09"]

1. e4 c5 2. Nf3 Nc6 3. Bb5 g6 4. O-O Bg7 5. Re1 Nf6 6. e5 Nd5 7. Nc3 Nc7 8.
Bxc6 dxc6 9. Ne4 Ne6 10. d3 O-O 11. Be3 b6 12. Qd2 Qc7 13. Bh6 Rd8 14. Bxg7
Kxg7 15. Qe3 h6 16. Ng3 Nf8 17. Nd2 Ne6 18. f4 Nd4 19. Rac1 Bf5 20. Nf3 Qd7 21.
Nxd4 Qxd4 22. Nxf5+ gxf5 23. Qxd4 Rxd4 24. g3 Rad8 25. Kf2 a5 26. Ke2 h5 27. h4
e6 28. Red1 Kf8 29. Rd2 Ke7 30. c3 R4d5 31. Rcd1 f6 32. exf6+ Kxf6 33. d4 cxd4
34. Rxd4 c5 35. Rxd5 exd5 36. c4 Re8+ 37. Kd3 Re4 38. cxd5 Rd4+ 39. Kc2 Rxd1
40. Kxd1 Ke7 41. Kc2 Kd6 42. a4 Kxd5 43. Kd3 c4+ 44. Kd2 Kc5 45. Kc3 b5 46.
axb5 Kxb5 47. Kd2 Kb4 48. Kc2 a4 49. Kc1 c3 50. bxc3+ Kxc3 0-1

[Event "International Tournament "]
[Site "Pool "]
[Date "2021.07.09"]
[Round "1.65"]
[White "Kurmangaliyeva, Liya"]
[Black "Sapenov, Daniyal"]
[Result "1/2-1/2"]
[WhiteElo "2322"]
[BlackElo "2034"]
[PlyCount "68"]
[EventDate "2021.07.09"]

1. d4 Nf6 2. c4 e6 3. Nf3 d5 4. Nc3 Bb4 5. Bg5 h6 6. Bxf6 Qxf6 7. e3 O-O 8. Qb3
Bxc3+ 9. Qxc3 c6 10. Bd3 Nd7 11. O-O dxc4 12. Bxc4 c5 13. Rfd1 cxd4 14. Qxd4
Nb6 15. Bb5 Qxd4 16. Rxd4 a6 17. Rd6 Nd5 18. Bc4 Nb4 19. a3 Nc6 20. Rad1 g5 21.
h3 Kg7 22. Bd3 f5 23. Bc4 Kf6 24. Nd4 Nxd4 25. exd4 Ke7 26. Rb6 Rd8 27. d5 Rd6
28. Rxd6 Kxd6 29. dxe6+ Ke7 30. Bb3 a5 31. Bd5 Bxe6 32. Re1 Ra6 33. Bxe6 Rxe6
34. Rxe6+ Kxe6 1/2-1/2

[Event "International Tournament "]
[Site "Pool "]
[Date "2021.07.09"]
[Round "1.66"]
[White "Vanden Bussche, Steven"]
[Black "Pasti, Aron"]
[Result "0-1"]
[WhiteElo "2032"]
[BlackElo "2318"]
[Annotator "Balkanchess"]
[PlyCount "39"]
[EventDate "2021.07.09"]

1. d4 d5 2. Bf4 c5 3. e3 Nc6 4. c3 Nf6 5. Nd2 Bf5 6. Qb3 Qd7 7. Ngf3 c4 8. Qd1
e6 9. Be2 h6 10. a4 Rc8 11. Ne5 Nxe5 12. Bxe5 Be7 13. h4 O-O 14. O-O Nh7 15.
Bg3 g6 16. f3 g5 17. e4 Bg6 18. Qe1 dxe4 19. fxe4 Nf6 20. Bd1 {...44} 0-1

[Event "International Tournament "]
[Site "Pool "]
[Date "2021.07.09"]
[Round "1.67"]
[White "Barseghyan, Armen Ar"]
[Black "Bommini, Mounika Akshaya"]
[Result "1-0"]
[WhiteElo "2316"]
[BlackElo "2029"]
[PlyCount "77"]
[EventDate "2021.07.09"]

1. d4 f5 2. Nf3 Nf6 3. g3 g6 4. Bg2 Bg7 5. O-O d6 6. b3 O-O 7. Bb2 c6 8. c4 Na6
9. Nbd2 Nc7 10. Qc2 Qe8 11. Rfe1 a5 12. h3 Kh8 13. e4 fxe4 14. Nxe4 Bf5 15.
Nxf6 Bxf6 16. Qd2 Qf7 17. Ng5 Qg8 18. d5 Qg7 19. Bxf6 exf6 20. Nf3 c5 21. Qf4
Rad8 22. a3 Na6 23. Nd2 Bc8 24. Ne4 g5 25. Qd2 b6 26. Nc3 Bd7 27. Na4 Rb8 28.
Re3 Rfe8 29. Rxe8+ Bxe8 30. Nc3 Bd7 31. Re1 Qf8 32. Ne4 Re8 33. g4 h6 34. Qc3
Kg7 35. f4 Kg6 36. fxg5 f5 37. gxf5+ Bxf5 38. Rf1 Re5 39. Ng3 1-0

[Event "International Tournament "]
[Site "Pool "]
[Date "2021.07.09"]
[Round "1.68"]
[White "Xilogiannis, Dimitrios"]
[Black "Martic, Ivan"]
[Result "0-1"]
[WhiteElo "2029"]
[BlackElo "2314"]
[PlyCount "67"]
[EventDate "2021.07.09"]

1. d4 c5 2. d5 g6 3. Nc3 Bg7 4. e4 d6 5. Be2 Nf6 6. Nf3 O-O 7. O-O Bg4 8. Nd2
Bxe2 9. Qxe2 Nfd7 10. Nc4 Nb6 11. Ne3 Na6 12. a4 Nd7 13. Nc4 Nb6 14. Ne3 Nc7
15. Ra3 Nd7 16. Ng4 Nf6 17. Nh6+ Kh8 18. Bg5 Qd7 19. Nd1 Ng8 20. Qd2 f6 21. Bf4
f5 22. exf5 gxf5 23. Bg5 Nxh6 24. Bxh6 Bxh6 25. Qxh6 Nxd5 26. Rh3 e6 27. Re1
Rae8 28. Rxe6 Nf4 29. Qxf4 Rxe6 30. Ne3 d5 31. g4 Re4 32. Qh6 Rf7 33. gxf5 d4
34. Ng4 0-1

[Event "International Tournament "]
[Site "Pool "]
[Date "2021.07.09"]
[Round "1.69"]
[White "Brankovic, Dejan"]
[Black "Aslanov, Umid"]
[Result "1/2-1/2"]
[WhiteElo "2312"]
[BlackElo "2019"]
[PlyCount "86"]
[EventDate "2021.07.09"]

1. Nf3 d5 2. g3 c6 3. Bg2 Bg4 4. d3 Nd7 5. O-O Ngf6 6. Nbd2 e5 7. e4 dxe4 8.
dxe4 Bc5 9. h3 Bh5 10. Qe1 O-O 11. Nb3 Bb6 12. a4 Bxf3 13. Bxf3 Nc5 14. Qb4
Nxb3 15. Qxb3 Qe7 16. Kg2 Bc5 17. Qc4 a5 18. Bg5 b6 19. c3 Rab8 20. Rfd1 h6 21.
Bd2 b5 22. axb5 cxb5 23. Qe2 a4 24. Bc1 Rfc8 25. c4 Bd4 26. cxb5 Qb4 27. Rd3
Qxb5 28. Qd1 Bxb2 29. Bxb2 Qxb2 30. Rd2 Qc3 31. Rxa4 Rb2 32. Rxb2 Qxb2 33. Qa1
Qxa1 34. Rxa1 Rc4 35. Ra5 Nxe4 36. Rxe5 Nf6 37. Re7 g5 38. Bd1 Rb4 39. Rc7 Rb2
40. Bc2 Kg7 41. Bd3 Rd2 42. Bc4 Nd5 43. Bxd5 Rxd5 1/2-1/2

[Event "International Tournament "]
[Site "Pool "]
[Date "2021.07.09"]
[Round "1.70"]
[White "Marjanovic, Rastko"]
[Black "Maryasin, Boris"]
[Result "0-1"]
[WhiteElo "2017"]
[BlackElo "2311"]
[PlyCount "120"]
[EventDate "2021.07.09"]

1. e4 c5 2. c3 Nf6 3. e5 Nd5 4. Nf3 d6 5. d4 cxd4 6. Qxd4 e6 7. Nbd2 Nc6 8. Bb5
Qb6 9. Qxb6 Nxb6 10. exd6 Bxd6 11. Ne4 Bc7 12. O-O O-O 13. Rd1 a6 14. Bxc6 bxc6
15. b3 f5 16. Nc5 Nd5 17. Na4 e5 18. Ba3 Re8 19. Re1 Nf6 20. Rad1 Ne4 21. Nd2
Nd6 22. Bxd6 Bxd6 23. Nb6 Rb8 24. Nxc8 Rbxc8 25. Nc4 Bb8 26. Nd6 Bxd6 27. Rxd6
Rc7 28. f3 Kf7 29. c4 a5 30. Kf2 g6 31. Re2 Re6 32. Rd8 Ra7 33. Red2 Ke7 34.
Rb8 Kf6 35. Rf8+ Kg5 36. Rdd8 a4 37. Ra8 Ree7 38. Rfe8 axb3 39. Rxe7 Rxe7 40.
axb3 Rb7 41. Ra3 h5 42. g3 h4 43. gxh4+ Kxh4 44. Ra6 Rxb3 45. Rxc6 Kg5 46. Ke2
Rb2+ 47. Ke3 Rxh2 48. Re6 f4+ 49. Ke4 Re2+ 50. Kd5 Kf5 51. Re8 Rd2+ 52. Kc6 Rd3
53. Rf8+ Kg5 54. Re8 Rxf3 55. Rxe5+ Kg4 56. Re1 Rc3 57. c5 f3 58. Re4+ Kg3 59.
Re6 g5 60. Rg6 g4 0-1

[Event "International Tournament "]
[Site "Pool "]
[Date "2021.07.09"]
[Round "1.71"]
[White "Czerw, Dawid"]
[Black "Petkovic, Jovan"]
[Result "1-0"]
[WhiteElo "2306"]
[BlackElo "2016"]
[PlyCount "83"]
[EventDate "2021.07.09"]

1. d4 Nf6 2. c4 g6 3. Nf3 Bg7 4. Nc3 O-O 5. e4 d6 6. Be2 e5 7. O-O Nc6 8. d5
Ne7 9. b4 Nh5 10. c5 Nf4 11. Bxf4 exf4 12. Rc1 h6 13. h3 a6 14. Re1 g5 15. Nd4
Ng6 16. Bh5 Ne5 17. Nf5 Qf6 18. Bg4 f3 19. Bxf3 Bxf5 20. exf5 Qxf5 21. Be4 Qd7
22. c6 Qc8 23. Qc2 b6 24. Bf5 Qd8 25. Ne4 a5 26. b5 Qe7 27. Re3 Rae8 28. Rce1
Qd8 29. Ng3 Kh8 30. Qe2 Re7 31. Bb1 f5 32. Nxf5 Ref7 33. Nxg7 Rxf2 34. Qh5 Qf6
35. Nf5 Rxf5 36. Bxf5 Qxf5 37. Qxh6+ Kg8 38. Rg3 g4 39. Rxe5 dxe5 40. Rxg4+ Kf7
41. Rg7+ Ke8 42. Rxc7 1-0

[Event "International Tournament "]
[Site "Pool "]
[Date "2021.07.09"]
[Round "1.72"]
[White "Miftari, Hedon"]
[Black "Krasteva, Beloslava"]
[Result "0-1"]
[WhiteElo "2004"]
[BlackElo "2305"]
[PlyCount "63"]
[EventDate "2021.07.09"]

1. e4 c5 2. Nf3 d6 3. d4 cxd4 4. Nxd4 Nf6 5. Nc3 a6 6. Be2 e6 7. Be3 Be7 8. Qd2
b5 9. Bf3 Nfd7 10. e5 d5 11. Nxd5 exd5 12. Bxd5 Nb6 13. Bxa8 Nxa8 14. Nf3 Qc7
15. Bf4 Be6 16. O-O Nb6 17. c3 O-O 18. Nd4 Nc6 19. Nxc6 Qxc6 20. Bg3 Bc5 21.
Kh1 Bd5 22. f3 Nc4 23. Qc1 Ne3 24. Rf2 h5 25. Re2 Bxf3 26. Rxe3 Bxg2+ 27. Kg1
Bh3 28. Kf2 Qg2+ 29. Ke1 Bxe3 30. Qxe3 Qh1+ 31. Kd2 Re8 32. Kc2 0-1

[Event "International Tournament "]
[Site "Pool "]
[Date "2021.07.09"]
[Round "1.73"]
[White "Heinemann, Josefine"]
[Black "Shoshin, Kirill"]
[Result "1-0"]
[WhiteElo "2285"]
[BlackElo "2001"]
[PlyCount "45"]
[EventDate "2021.07.09"]

1. e4 c6 2. Nf3 d5 3. d3 dxe4 4. dxe4 Qxd1+ 5. Kxd1 Nf6 6. Nfd2 e5 7. f3 Be6 8.
a4 a5 9. Bc4 Nbd7 10. Bxe6 fxe6 11. Nc4 Bc5 12. Nbd2 Ke7 13. Nb3 Bb6 14. Bd2
Ne8 15. Nbxa5 Bxa5 16. Bxa5 Nd6 17. Nxd6 Rxa5 18. Nc4 Ra7 19. b4 Rha8 20. a5 b6
21. Ke2 Kd8 22. Rhd1 bxa5 23. Nxe5 1-0

[Event "International Tournament "]
[Site "Pool "]
[Date "2021.07.09"]
[Round "1.74"]
[White "Farkas, Otto Jr"]
[Black "Sredojevic, Ivan"]
[Result "0-1"]
[WhiteElo "1986"]
[BlackElo "2284"]
[PlyCount "43"]
[EventDate "2021.07.09"]

1. e4 c5 2. Nf3 d6 3. d4 cxd4 4. Nxd4 Nf6 5. Nc3 a6 6. f3 e5 7. Nb3 Be6 8. Be3
Nbd7 9. Qd2 h5 10. O-O-O Rc8 11. Kb1 Qc7 12. g3 b5 13. Qf2 Be7 14. Rg1 Qb7 15.
Bg2 b4 16. Ne2 a5 17. Nxa5 Qc7 18. Nb3 Qxc2+ 19. Ka1 Ra8 20. Nec1 Bxb3 21. Rd2
Qc4 22. Bf1 0-1

[Event "International Tournament "]
[Site "Pool "]
[Date "2021.07.09"]
[Round "1.75"]
[White "Peycheva, Gergana"]
[Black "Radovic, Stefan"]
[Result "1-0"]
[WhiteElo "2280"]
[BlackElo "1985"]
[PlyCount "127"]
[EventDate "2021.07.09"]

1. d4 d5 2. c4 e6 3. Nc3 Bb4 4. Nf3 Nf6 5. Bg5 h6 6. Bxf6 Qxf6 7. Qc2 O-O 8. e3
dxc4 9. Bxc4 c5 10. a3 cxd4 11. axb4 dxc3 12. bxc3 e5 13. O-O Bf5 14. e4 Bg4
15. Nd2 Nc6 16. Bd5 Rac8 17. Qb2 a6 18. Nb3 Rc7 19. Nc5 Nd8 20. h3 Bc8 21. Rfd1
Ne6 22. Bxe6 Bxe6 23. Rd6 Rd8 24. Rad1 Rxd6 25. Rxd6 Qe7 26. Qd2 Bc8 27. Qd3
Qg5 28. Qd2 Qxd2 29. Rxd2 b6 30. Na4 Be6 31. Rd8+ Kh7 32. Ra8 Bb3 33. Nxb6 Rxc3
34. Rxa6 Rc1+ 35. Kh2 Rb1 36. Nd7 f6 37. Ra7 Kg8 38. Rb7 Bc4 39. Nc5 Rb2 40.
Kg3 h5 41. h4 Kh7 42. Rb8 Kg6 43. Kf3 Be2+ 44. Ke3 Bf1 45. Kf3 Be2+ 46. Kg3 Bc4
47. Rb7 Kh6 48. Rb6 Kg6 49. Nb7 Rb3+ 50. Kh2 Rb2 51. Nd6 Bf1 52. Rb7 Rxf2 53.
Nf5 Kh7 54. Nxg7 Ba6 55. Ra7 Kg8 56. Nxh5 Bd3 57. Ng3 Rf4 58. h5 Rh4+ 59. Kg1
Bxe4 60. b5 Bd5 61. Nf5 Rxh5 62. Ne7+ Kf8 63. Nxd5 e4 64. b6 1-0

[Event "International Tournament "]
[Site "Pool "]
[Date "2021.07.09"]
[Round "1.76"]
[White "Perez Bolanos, Joel"]
[Black "Durak, Can"]
[Result "1/2-1/2"]
[WhiteElo "1976"]
[BlackElo "2275"]
[PlyCount "63"]
[EventDate "2021.07.09"]

1. d4 Nf6 2. Nf3 e6 3. c4 d5 4. g3 Be7 5. Bg2 O-O 6. O-O dxc4 7. Qc2 b6 8. Bg5
Nd5 9. Bxe7 Qxe7 10. Nbd2 b5 11. b3 c3 12. e4 cxd2 13. exd5 exd5 14. Qxd2 c6
15. Rac1 Qd6 16. Qc2 f6 17. Rfe1 Bg4 18. h3 Bd7 19. Bf1 g6 20. Bd3 Kg7 21. h4
Na6 22. a3 Rae8 23. h5 Rxe1+ 24. Rxe1 Re8 25. Bxg6 Rxe1+ 26. Nxe1 Qe6 27. Nf3
hxg6 28. Qxg6+ Kh8 29. Qh6+ Kg8 30. Qg6+ Kf8 31. Qh6+ Kg8 32. Qg6+ 1/2-1/2

[Event "International Tournament "]
[Site "Pool "]
[Date "2021.07.09"]
[Round "1.77"]
[White "Tanmay, Chopra"]
[Black "Acarbay, Algi"]
[Result "1/2-1/2"]
[WhiteElo "2273"]
[BlackElo "1972"]
[PlyCount "88"]
[EventDate "2021.07.09"]

1. d4 d5 2. Bf4 Nf6 3. e3 c5 4. Nc3 e6 5. Nb5 Na6 6. c3 Be7 7. Bd3 O-O 8. a4
Bd7 9. Nf3 Bxb5 10. axb5 Nc7 11. dxc5 Bxc5 12. Qc2 Bd6 13. O-O Re8 14. Bg5 h6
15. Bxf6 Qxf6 16. Qb3 Bc5 17. e4 e5 18. Rae1 Rad8 19. exd5 Nxd5 20. Be4 Nf4 21.
Qc2 Re7 22. g3 Nh3+ 23. Kg2 Ng5 24. Nxg5 Qxg5 25. Re2 Red7 26. h4 Qf6 27. Rfe1
g6 28. b4 Bb6 29. c4 Bd4 30. Bd5 Kg7 31. Rf1 Qd6 32. f4 exf4 33. Rxf4 Be5 34.
Rf3 h5 35. Rfe3 Bf6 36. Qb3 b6 37. Qa3 Be7 38. Qc3+ Bf6 39. Qe1 Bd4 40. Re4 Bf6
41. Rf4 Rf8 42. Ref2 Bd8 43. Qa1+ f6 44. Qc3 Re7 1/2-1/2

[Event "International Tournament "]
[Site "Pool "]
[Date "2021.07.09"]
[Round "1.78"]
[White "Khachatryan, Anna"]
[Black "Dev, Shah"]
[Result "1/2-1/2"]
[WhiteElo "1966"]
[BlackElo "2270"]
[PlyCount "44"]
[EventDate "2021.07.09"]

1. d4 d5 2. c4 dxc4 3. Nf3 Nf6 4. e3 e6 5. Bxc4 c5 6. O-O a6 7. dxc5 Bxc5 8.
Qxd8+ Kxd8 9. Rd1+ Ke7 10. Be2 Nbd7 11. Nbd2 b5 12. Nb3 Bb7 13. Nxc5 Nxc5 14.
Bd2 Nd5 15. Rac1 Rhc8 16. Ne5 Ne4 17. Ba5 Nd6 18. Bf3 f6 19. Nd3 Nc4 20. Be1
Kf7 21. b3 Ne5 22. Bxd5 Bxd5 1/2-1/2

[Event "International Tournament "]
[Site "Pool "]
[Date "2021.07.09"]
[Round "1.79"]
[White "Sahin, Ozgun"]
[Black "Aydin, Gulenay"]
[Result "1-0"]
[WhiteElo "2269"]
[BlackElo "1965"]
[PlyCount "85"]
[EventDate "2021.07.09"]

1. e4 c5 2. Nf3 d6 3. d4 cxd4 4. Nxd4 Nf6 5. Nc3 g6 6. Be3 Bg7 7. f3 O-O 8. Qd2
Nc6 9. O-O-O Nxd4 10. Bxd4 Be6 11. Kb1 Qc7 12. g4 Rfc8 13. h4 Qa5 14. a3 Rab8
15. h5 b5 16. hxg6 fxg6 17. Nd5 Qxd2 18. Rxd2 Nxd5 19. exd5 Bxd4 20. Rxd4 Bf7
21. Bd3 Rc5 22. Be4 a5 23. g5 Kg7 24. b3 Rd8 25. f4 e5 26. dxe6 Bxe6 27. Rhd1
d5 28. R1d2 Rd7 29. Kb2 Rd8 30. Bf3 h5 31. gxh6+ Kxh6 32. Be2 Rb8 33. Bd3 Rb6
34. Rh2+ Kg7 35. Rg2 Bf7 36. f5 g5 37. Rxg5+ Kf6 38. Rg2 Rc7 39. Rh4 Ke7 40.
Rh7 b4 41. Rgg7 Rf6 42. Rh4 Rb6 43. Rxf7+ 1-0

[Event "International Tournament "]
[Site "Pool "]
[Date "2021.07.09"]
[Round "1.80"]
[White "Anand, Batsukh"]
[Black "Beydullayeva, Govhar"]
[Result "1/2-1/2"]
[WhiteElo "1965"]
[BlackElo "2264"]
[PlyCount "91"]
[EventDate "2021.07.09"]

1. d4 Nf6 2. c4 e6 3. Nf3 b6 4. g3 Ba6 5. b3 Bb4+ 6. Bd2 Be7 7. Bg2 d5 8. cxd5
exd5 9. O-O O-O 10. Nc3 Bb7 11. Rc1 Na6 12. Ne5 Ba3 13. Rb1 Ne4 14. Nxe4 dxe4
15. Bc3 Qe7 16. Qc2 f6 17. Ng4 Nb4 18. Bxb4 Bxb4 19. Qc4+ Kh8 20. Ne3 a5 21.
Rfc1 c5 22. Nd5 Bxd5 23. Qxd5 f5 24. dxc5 Rad8 25. Qc4 Bxc5 26. e3 Rf6 27. Rd1
Rfd6 28. Rxd6 Qxd6 29. Bh3 Qg6 30. Qe2 Rd3 31. Bg2 Qd6 32. Bh3 Qd5 33. Qh5 g6
34. Qg5 Kg7 35. Bf1 Rd2 36. Bc4 Qd7 37. a4 h6 38. Qf4 Bd6 39. Qh4 Be7 40. Qh3
Bc5 41. Re1 Qd8 42. Qf1 h5 43. Be2 h4 44. Rd1 Rxd1 45. Qxd1 Qxd1+ 46. Bxd1
1/2-1/2

[Event "International Tournament "]
[Site "Pool "]
[Date "2021.07.09"]
[Round "1.81"]
[White "Jocev, Milan"]
[Black "Bozanic, Jovan"]
[Result "1-0"]
[WhiteElo "2260"]
[BlackElo "1961"]
[PlyCount "139"]
[EventDate "2021.07.09"]

1. Nf3 Nf6 2. c4 g6 3. Nc3 Bg7 4. e4 d6 5. d4 O-O 6. Be2 e5 7. d5 a5 8. h3 Na6
9. Be3 Nh5 10. g3 f5 11. exf5 gxf5 12. Bg5 Qe8 13. Qd2 e4 14. Nd4 Nc5 15. Be3
Bd7 16. O-O-O Kh8 17. Rdg1 Be5 18. Bh6 Ng7 19. Kb1 Qg6 20. Be3 a4 21. Nc2 Rae8
22. Ne1 a3 23. b3 Qf6 24. Kc2 Na6 25. Nd1 c6 26. dxc6 bxc6 27. Bg5 Qe6 28. Ne3
d5 29. Qa5 Ra8 30. Bf4 Rfb8 31. Qd2 d4 32. Ng4 Bxf4 33. gxf4 d3+ 34. Nxd3 exd3+
35. Bxd3 Nb4+ 36. Kc1 Nxd3+ 37. Qxd3 fxg4 38. hxg4 h6 39. Qd4 c5 40. Qc3 Kg8
41. f5 Qe2 42. Qd2 Qxd2+ 43. Kxd2 Rd8 44. Ke3 Bc6 45. Rxh6 Bb7 46. Rb6 Rab8 47.
f6 Rd4 48. f3 Ne8 49. g5 Nd6 50. Kf2 Nf5 51. Re1 Rd2+ 52. Kg1 Kf7 53. Re5 Nd6
54. Re7+ Kg6 55. f7 Kxg5 56. b4 Rf8 57. bxc5 Nxf7 58. Rbxb7 Kf6 59. c6 Ng5 60.
c7 Rg8 61. Kf1 Nh3 62. Rf7+ Ke5 63. Rb5+ Ke6 64. Rg7 Rxg7 65. c8=Q+ Rgd7 66.
Qc6+ R7d6 67. Qe8+ Kf6 68. Qe5+ Kg6 69. Qf5+ Kg7 70. Rb7+ 1-0

[Event "International Tournament "]
[Site "Pool "]
[Date "2021.07.09"]
[Round "1.82"]
[White "Green, Michael"]
[Black "Granovskiy, Alexandr"]
[Result "0-1"]
[WhiteElo "1950"]
[BlackElo "2255"]
[PlyCount "148"]
[EventDate "2021.07.09"]

1. e4 e5 2. Nf3 Nc6 3. d4 exd4 4. Nxd4 Bc5 5. Nb3 Bb6 6. Nc3 d6 7. Qe2 Be6 8.
Be3 Nf6 9. f3 O-O 10. O-O-O Nd7 11. g4 a5 12. Bxb6 Nxb6 13. a4 Bxb3 14. cxb3
Qg5+ 15. Kb1 Qc5 16. Nd5 Nxd5 17. Rxd5 Qa7 18. Qd2 Rae8 19. Bb5 Re6 20. Bxc6
bxc6 21. Rxa5 Qb6 22. b4 Rfe8 23. b5 h5 24. g5 d5 25. Ra6 Qb8 26. exd5 Re2 27.
Qb4 cxb5 28. Qxb5 Qxb5 29. axb5 Rd2 30. d6 cxd6 31. Ra4 Rb8 32. Rb4 Rb6 33. h4
Rd5 34. Re1 Rbxb5 35. Rxb5 Rxb5 36. Re4 d5 37. Rf4 Rb6 38. Kc2 Kf8 39. g6 Rxg6
40. Rf5 Rc6+ 41. Kd3 Rb6 42. Rxh5 Rxb2 43. Rxd5 Rh2 44. Rd4 g6 45. Kc4 Kg7 46.
Kd5 Rh3 47. Rf4 Rh1 48. Ke5 f6+ 49. Kd5 Ra1 50. Ke6 Re1+ 51. Kd6 Re5 52. Kd7
Re3 53. Kd6 f5 54. h5 Kh6 55. hxg6 Kxg6 56. Kd5 Kg5 57. Ra4 Rxf3 58. Ra8 Rd3+
59. Ke5 Re3+ 60. Kd4 f4 61. Rg8+ Kh4 62. Rg7 Kh3 63. Rg8 Re7 64. Rh8+ Kg3 65.
Rg8+ Kf2 66. Kd3 f3 67. Kd2 Re1 68. Kc2 Kf1 69. Kc3 f2 70. Kc4 Rd1 71. Kc3 Ke2
72. Re8+ Kf3 73. Rf8+ Kg3 74. Rg8+ Kh4 0-1

[Event "International Tournament "]
[Site "Pool "]
[Date "2021.07.09"]
[Round "1.83"]
[White "Papakonstantinou, Dimitrios"]
[Black "Tomic, Stjepan"]
[Result "1/2-1/2"]
[WhiteElo "2251"]
[BlackElo "1928"]
[PlyCount "48"]
[EventDate "2021.07.09"]

1. e4 c6 2. Nc3 d5 3. Nf3 Bg4 4. h3 Bxf3 5. Qxf3 e6 6. g3 Nd7 7. Bg2 dxe4 8.
Qxe4 Ngf6 9. Qe2 Bd6 10. O-O O-O 11. a3 a5 12. d3 Qc7 13. Bd2 Rfe8 14. Nd1 Rad8
15. b4 axb4 16. axb4 Nd5 17. c3 N7f6 18. Re1 h6 19. Nb2 b5 20. Ra5 Ra8 21. Rea1
Rxa5 22. Rxa5 Qb6 23. Kh1 Rb8 24. Nd1 c5 1/2-1/2

[Event "International Tournament "]
[Site "Pool "]
[Date "2021.07.09"]
[Round "1.84"]
[White "Randjelovic, Nenad"]
[Black "Defromont, Benjamin"]
[Result "1-0"]
[WhiteElo "1926"]
[BlackElo "2246"]
[PlyCount "89"]
[EventDate "2021.07.09"]

1. e4 e5 2. f4 h6 3. d4 exd4 4. Qxd4 Nc6 5. Qf2 d5 6. e5 h5 7. Bb5 Nh6 8. Bxc6+
bxc6 9. Nf3 Ng4 10. Qe2 Bc5 11. h3 Nf2 12. Rf1 Ne4 13. Be3 Bb4+ 14. c3 Ng3 15.
Qc2 Nxf1 16. Kxf1 Be7 17. Qa4 Qd7 18. b4 O-O 19. Nbd2 a5 20. Nd4 c5 21. Qxd7
Bxd7 22. bxc5 Bxc5 23. N2b3 Bb6 24. Ke2 a4 25. Nd2 Rfd8 26. N2f3 Rab8 27. f5 c5
28. Bg5 cxd4 29. Bxd8 d3+ 30. Kd2 Bxd8 31. g4 Rb2+ 32. Kxd3 hxg4 33. hxg4 Bb5+
34. Kd4 Bc4 35. Kc5 a3 36. e6 fxe6 37. fxe6 Rxa2 38. Rh1 Rf2 39. Ne5 Rf1 40.
Rh2 a2 41. Ng6 Bb6+ 42. Kxb6 Rb1+ 43. Kc5 Rb5+ 44. Kc6 a1=Q 45. Rh8# 1-0

[Event "International Tournament "]
[Site "Pool "]
[Date "2021.07.09"]
[Round "1.85"]
[White "Kecskemeti, Arpad"]
[Black "Djordjevic, Nevena"]
[Result "1-0"]
[WhiteElo "2245"]
[BlackElo "1923"]
[PlyCount "37"]
[EventDate "2021.07.09"]

1. e4 c5 2. Nf3 e6 3. Nc3 Nc6 4. d4 cxd4 5. Nxd4 Qc7 6. Be3 Nf6 7. Bd3 a6 8.
O-O Be7 9. h3 O-O 10. Qd2 Ne5 11. f4 Nc4 12. Bxc4 Qxc4 13. e5 Nd5 14. Nxd5 Qxd5
15. Nf5 Bb4 16. Nh6+ gxh6 17. Qxb4 a5 18. Qe7 b5 19. Rf3 1-0